Гидродинамические радиальные подшипники скольжения, работающие в стационарном режиме. Круглоцилиндрические подшипники. Методы расчёта по ГОСТ ИСО 7902-1-2001; Справочник. Инженерный журнал; № 3

Detaylı Bibliyografya
Parent link:Справочник. Инженерный журнал: научно-технический и производственный журнал.— , 2000-.— 0203-347X
№ 3.— 2003.— С. 47-55
Dil:Rusça
Baskı/Yayın Bilgisi: 2003
Seri Bilgileri:Справочник конструктора-машиностроителя
Konular:
Materyal Türü: MixedMaterials Kitap Bölümü
KOHA link:https://koha.lib.tpu.ru/cgi-bin/koha/opac-detail.pl?biblionumber=385297

MARC

LEADER 00000naa2a2200000 4500
001 385297
005 20231101063341.0
035 |a (RuTPU)RU\TPU\prd\13040 
090 |a 385297 
100 |a 20030424a2003 k y0rusy50 ca 
101 0 |a rus 
102 |a RU 
200 1 |a Гидродинамические радиальные подшипники скольжения, работающие в стационарном режиме. Круглоцилиндрические подшипники. Методы расчёта по ГОСТ ИСО 7902-1-2001 
225 1 |a Справочник конструктора-машиностроителя 
311 |a Продолжение. Начало: 2002, №12. 
461 1 |0 (RuTPU)RU\TPU\prd\1723  |x 0203-347X  |t Справочник. Инженерный журнал  |o научно-технический и производственный журнал  |d 2000- 
463 1 |0 (RuTPU)RU\TPU\prd\12772  |t № 3  |v С. 47-55  |d 2003 
610 1 |a стандарты 
610 1 |a подшипники скольжения 
610 1 |a гидродинамика 
610 1 |a круглоцилиндрические подшипники 
610 1 |a методы расчёта 
801 1 |a RU  |b 63413507  |c 20030424  |g PSBO 
801 2 |a RU  |b 63413507  |c 20140115  |g PSBO 
942 |c BK